| 000 | 01471nam a2200289 i 4500 | ||
|---|---|---|---|
| 001 | 152989 | ||
| 003 | ES-MaACL | ||
| 005 | 20251015145716.0 | ||
| 008 | 940301s1875 sp |||| | spa d | ||
| 245 | 0 | 0 |
_aCartas de los secretarios del cardenal D. Fr. Francisco Jiménez de Cisneros durante su regencia de los años 1516 y 1517 / _cpublicadas de Real Orden por Vicente de la Fuente. |
| 260 |
_aMadrid : _b[s.n.], _c1875 ( _fImp. de la Sra. Viuda e Hijo de Eusebio Aguado) |
||
| 300 |
_aXIX, 299 p., [2] h. pleg. de lám. ; _c24 cm. |
||
| 530 | _aDisponible en formato digital. | ||
| 594 | _aCartas dirigidas a D. Diego López de Ayala, secretario del cardenal Cisneros. | ||
| 595 | _aEste v. es la cont. de un v. publicado anteriormente con el título: "Cartas del cardenal D. Fr. Francisco Jiménez de Cisneros a D. Diego López de Ayala. Madrid : Imprenta del Colegio de Sordomudos y Ciegos, 1867" | ||
| 597 | _aSignaturizado. | ||
| 597 | _aAntep. | ||
| 597 | _aPort. con esc. xil. | ||
| 599 | _aFacsímil de dos cartas. | ||
| 600 | 1 | 7 |
_aJiménez de Cisneros, Francisco, _d1436-1517- _vCorrespondencia _2 _9159941 |
| 651 | 4 |
_aEspaña- _xHistoria- _y1516-1556, Carlos I. _98224 |
|
| 700 | 1 |
_aFuente, Vicente de la, _d1817-1889 _952857 |
|
| 752 |
_aEspaña - _dMadrid |
||
| 852 |
_aES-MaACL _jC-141 _z- Enc. hol. |
||
| 856 |
_uhttp://bdh-rd.bne.es/viewer.vm?id=0000108809&page=1 _zBiblioteca Digital Hispánica |
||
| 999 |
_c152989 _d152989 |
||